[Event "Cairo Al Ain op"]
[Site "Cairo"]
[Date "2023.11.30"]
[Round "6"]
[White "Abdel Mohsen, Ahmed"]
[Black "Osama Ali, Youssef"]
[Result "1-0"]
[WhiteElo "1761"]
[BlackElo "1331"]
[PlyCount "77"]
[EventDate "2023.11.27"]
[EventType "swiss"]
[EventRounds "10"]
[EventCountry "EGY"]
[SourceTitle "CBM 217 Extra"]
[Source "ChessBase"]
[SourceDate "2024.01.31"]
[SourceVersion "1"]
[SourceVersionDate "2024.01.31"]
[SourceQuality "1"]

1. e4 c5 2. Nf3 d6 3. d4 cxd4 4. Nxd4 Nf6 5. Nc3 a6 6. Be2 e6 7. Be3 Be7 8. 0-0 0-0 9. Qd2 b5 10. a3 Bb7 11. Bf3 Nbd7 12. e5 Bxf3 13. exf6 Nxf6 14. gxf3 Qd7 15. Qd3 Rac8 16. Kh1 Qb7 17. Ne4 Nxe4 18. fxe4 Bf6 19. Rg1 Bxd4 20. Bxd4 e5 21. Bc3 f5 22. f3 fxe4 23. fxe4 Rf4 24. Rae1 Rcf8 25. Rg2 Rf3 26. Qxd6 Rf1+ 27. Rg1 Rxg1+ 28. Kxg1 Qa7+ 29. Kh1 Qf2 30. Qe6+ Kh8 31. Qg4 Rf4 32. Qg2 Kg8 33. Qxf2 Rxf2 34. Bxe5 Rxc2 35. Bc3 Rf2 36. e5 Kf8 37. e6 g6 38. Bb4+ Ke8 39. Rc1 1-0